000
00484nam a2200181Ia 4500
008
090124s9999 xx 000 0 und d
082
_b
2452
100
_a
सुथांशु
245
_a
जलवंती
250
_a
1
260
_b
कुलकर्णी ग्रंथागार
_c
1958
300
_a
84
600
_a
सुथांशु
630
_a
जलवंती
700
_a
सुथांशु
730
_a
जलवंती
942
_c
BOOK
999
_c
82395
_d
82395